Movies Quiz

Random Movies or Clickable Quiz
Score 0/20 Timer 10:00
0 Plays Today
% Correct
Denzel Washington
83.6%
Helen Hunt
81.3%
Catherine Zeta-Jones
79.1%
Geena Davis
77.8%
Bill Paxton
75.6%
Sandra Bullock
70.2%
Christopher Walken
67.1%
Haley Joel Osment
65.8%
Amy Adams
65.8%
James Cromwell
64%
% Correct
Paul Bettany
60%
Vin Diesel
57.3%
Ewan McGregor
56.4%
Greg Kinnear
56%
Bruce Willis
55.1%
Eugene Levy
52.4%
Daniel Craig
52%
Charlize Theron
48.4%
Marlon Wayans
44%
John Malkovich
40%
Remove Ads.
Support Sporcle.
Get the best of Sporcle when you Go Orange. This ad-free experience offers more features, more stats, and more fun while also helping to support Sporcle. Thank you for becoming a member.

You're not logged in!

Compare scores with friends on all Sporcle quizzes.
OR
Log In

Show Comments

Extras

Top Quizzes Today


Score Distribution

Your Account Isn't Verified!

In order to create a playlist on Sporcle, you need to verify the email address you used during registration. Go to your Sporcle Settings to finish the process.

Report this User

Report this user for behavior that violates our Community Guidelines.

Details: